| 000 | 004150000a22001210004500 | ||
|---|---|---|---|
| 090 |
_aAS _bSeriadas |
||
| 245 | 1 | 0 | _aNew species of Gynoxys (<Asteraceae: Senecioneae>) from northern Peru |
| 041 | 0 | _aInglés | |
| 700 | 1 |
_aRobinson, Harold _995900 |
|
| 100 | 1 |
_aFunk, Vicki A. _999122 |
|
| 942 | _cARTICULO | ||
| 773 | 1 |
_tRevista de la Academia Colombiana de Ciencias Exactas, Fisicas y Naturales _332 _h65 _q243-245 _d1989 _g17 |
|
| 999 |
_c14133 _d14133 |
||